| 000 | 00752nas a2200241Ia 4500 | ||
|---|---|---|---|
| 001 | A10/R128-40140 | ||
| 003 | IT-MiCISF | ||
| 005 | 20260415145451.0 | ||
| 008 | 161014c99999999xx |||||||||||| ||und|| | ||
| 040 |
_aIT-MiCISF _cIT-MiCISF |
||
| 041 | _ait | ||
| 100 |
_aCollicelli Carla (et al.) _962682 |
||
| 245 | 0 | _aUna società interculturale. Aspetti sociali e istituzionali dell'immigrazione | |
| 250 | _a"Censis. Note e commenti", n. 4, aprile | ||
| 260 | _c2004 | ||
| 300 | _app. 1-65 | ||
| 500 | _a società, famiglia-migranti, lavoro, rapporti-sociali, politiche-sociali | ||
| 650 | _aSocietà | ||
| 654 | _arivista | ||
| 700 |
_aItalia A., Ceccarelli M., Chaloff J., Conti Nibali M. _963638 |
||
| 942 |
_cCR _2ddc |
||
| 999 |
_c240703 _d240703 |
||
| 999 | _bSi | ||